Bioquímica (Registro nro. 79316)
[ vista simple ]
| 000 -ENCABEZADO | |
|---|---|
| Número de control [NR] | 00633nam a2200217Ia 4500 |
| 008 - DE LONGITUD FIJA DE DATOS DE ELEMENTOS - INFORMACIÓN GENERAL | |
| Elementos de longitud fija [NR] | 130821s1991 ag gr spa |
| 020 ## - NUMERO INTERNACIONAL NORMALIZADO PARA LIBROS [R] | |
| Número Internacional Normalizado del libro [NR] | 0201629348 |
| 040 ## - FUENTE DE CATALOGACION [NR] | |
| Agencia de catalogación original [NR] | Co-BoUCM |
| Idioma de catalogación [NR] | spa |
| 041 00 - CODIGO DE IDIOMA [R] | |
| Código de idioma para texto/pista de sonido o título separado [R] | Español |
| 060 ## - SIGNATURA TOPOGRAFICA DE LA BIBLIOTECA NACIONAL DE MEDICINA (NLM) [R] | |
| Número clasificador [R] | QU 4 |
| Número de ítem [NR] | B64b 5a. ed. |
| -- | 1991 |
| 100 1# - ASIENTO PRINCIPAL--NOMBRE PERSONAL [NR] | |
| Nombre personal [NR] | Bohinski, Robert C. |
| 245 10 - MENCION DE TITULO [NR] | |
| Título [NR] | Bioquímica |
| Mención de responsabilidad, etc. [NR] | Robert C. Bohinski |
| 250 ## - MENCION DE EDICION [NR] | |
| Mención de edición [NR] | 5a. ed. |
| 260 ## - PUBLICACION, DISTRIBUCION, ETC. (PIE DE IMPRENTA) [R] | |
| Lugar de publicación, distribución, etc. [R] | Argentina (América) |
| Nombre del editor, distribuidor, etc. [R] | Addinson-Wesley Iberoamericana |
| Fecha de publicación, distribución, etc. [R] | 1991 |
| 300 ## - DESCRIPCION FISICA [R] | |
| Extensión [R] | 739 páginas |
| 650 04 - ASIENTO SECUNDARIO DE MATERIA - TERMINO TEMATICO [R] | |
| Término temático o nombre geográfico como elemento de entrada [NR] | Bioquímica |
| 9 (RLIN) | 10154 |
| 650 04 - ASIENTO SECUNDARIO DE MATERIA - TERMINO TEMATICO [R] | |
| Término temático o nombre geográfico como elemento de entrada [NR] | Célula |
| 9 (RLIN) | 10639 |
| 650 04 - ASIENTO SECUNDARIO DE MATERIA - TERMINO TEMATICO [R] | |
| Término temático o nombre geográfico como elemento de entrada [NR] | Proteínas |
| 9 (RLIN) | 22655 |
| 700 1# - ASIENTO SECUNDARIO - NOMBRE PERSONAL [R] | |
| Nombre personal [NR] | ELIZONDO MATA, Ramón |
| 942 ## - ELEMENTOS DE ENTRADA AGREGADOS (KOHA) | |
| Tipo de ítem principal el descrito en 300a | Libro |
| Tema principal | Medicina |
| Edición | 5 |
| Parte restante de la signatura top. | B64b |
| Sistema de clasificación | NLM |
| Clasificación | QU 4 |
| Título oculto en OPAC | No |
| Fecha de último préstamo | Total préstamos | Total Renewals | Signatura topográfica | Código de barras | Última vez visto | Volúmen / Fascículo | Ejemplar | Price effective from | Tipo de ítem | Perdido | Sistema de clasificación | Dañado | No prestable | Tipo de ítem específico | Suprimido | Ubicación habitual | Ubicación actual | Localización | Fecha de creación | Forma de adquisición | Costo |
|---|---|---|---|---|---|---|---|---|---|---|---|---|---|---|---|---|---|---|---|---|---|
| 19/11/2019 | 300 | 1 | QU 4 B64b | 200007461 | 12/12/2025 | 5a. Ed. 1991 | Ej.6 | 03/02/2013 | Libro | NLM | Libro | Quinta de Mutis | Quinta de Mutis | 1er piso | 28/02/2003 | Compra | 0.00 | ||||
| 29/08/2019 | 325 | 2 | QU 4 B64b | 200005603 | 12/12/2025 | 5a. Ed. 1991 | Ej.4 | 03/02/2013 | Libro | NLM | Libro | Quinta de Mutis | Quinta de Mutis | 1er piso | 28/02/2003 | Compra | 0.00 | ||||
| 07/02/2020 | 123 | 8 | QU 4 B64b | 200006828 | 13/02/2026 | 5a. Ed. 1991 | Ej.1 | 03/02/2013 | Libro | NLM | Libro | Quinta de Mutis | Quinta de Mutis | 1er piso | 28/02/2003 | 0.00 | |||||
| 27/02/2020 | 308 | 4 | QU 4 B64b | 200011523 | 12/12/2025 | 5a. Ed. 1991 | Ej.8 | 03/02/2013 | Libro | NLM | Libro | Quinta de Mutis | Quinta de Mutis | 1er piso | 28/02/2005 | Compra | 79680.00 | ||||
| 15/08/2025 | 291 | 9 | QU 4 B64b | 200011524 | 12/12/2025 | 5a. Ed. 1991 | Ej.9 | 03/02/2013 | Libro | NLM | Libro | Quinta de Mutis | Quinta de Mutis | 1er piso | 28/02/2005 | Compra | 79680.00 |